| 000 | 01105nam a2200277Ia 4500 | ||
|---|---|---|---|
| 003 | OSt | ||
| 005 | 20220923211244.0 | ||
| 006 | a|||||r|||| 00| 0 | ||
| 007 | ta | ||
| 008 | 220922b |||||||| |||| 00| 0 hin d | ||
| 020 |
_a9788177211122 (hbk) _c300 |
||
| 024 | _a354,084 | ||
| 037 |
_bG-938/21-22, 28/12/2021, hinohar Publisher & Distributors _cTextual |
||
| 040 |
_aARTS _cARTS _bhin |
||
| 041 |
_2hin _ahin |
||
| 082 | _aV2:51wM85, 152Q8 | ||
| 100 | _aप्रवीण कुमार, ले. | ||
| 245 | 0 | _aक्रांतिवीर लाला हरदयाल | |
| 246 | _aKrāantivīr lālā haradayāla | ||
| 260 |
_aदिल्ली _b सत्साहित्य प्रकाशन _c2018 |
||
| 300 |
_a183पृ. _ccm. |
||
| 650 |
_a भारतीय स्वतंत्रता सेनानी _9156352 |
||
| 650 |
_aभारत-इतिहास _9156353 |
||
| 942 |
_hV2:51wM85, 152Q8 _cTEXL _2CC |
||
| 999 |
_c297759 _d297759 |
||